Statistiques concernant Culture Générale - Série 1484

Cliquez ici pour prendre le quiz!

Statistiques générales

  • Ce quiz a été pris 44 fois
  • Le résultat moyen est 6 sur 10

Statistiques - réponses

Question Réponse % Correct
Lorsqu'une nappe de pétrole déversée dans la mer arrive sur les côtes, on parle de "marée...noire
95%
Quel accessoire de tennis a donné son nom aux larges semelles qu'on adapte aux chaussures, pour ne pas s'enfoncer dans la neige ?raquette
93%
Quel est le nom du poisson osseux aussi appelé cheval marin ?hippocampe
90%
Un R.I.B. est un "relevé d'identité...Bancaire
88%
En France, sur l'étiquette d'un produit alimentaire, que signifie la lettre "P" du sigle AOP ?Protégée
78%
Comment appelle-t-on le fait de ne pas participer à un vote, pour un citoyen inscrit sur les listes électorales ?abstention
70%
Le 29 septembre 1970, de quel instrument de musique Valéry Giscard d'Estaing a-t-il joué dans une émission de Jacques Martin ?accordéon
58%
Dans les années 1970, quelle chanteuse, prénommée Gloria, a formé le groupe "Miami Sound Machine", avec son mari Emilio ?Gloria Estefan
25%
À quel chanteur doit-on “Mona Lisa Klaxon” en 1974 ?Jacques Higelin
13%
Quel film obtint, ex-aequo avec “Apocalypse Now”, la Palme d'or du festival de Cannes en 1979 ?Le Tambour
5%

Distribution des résultats

Percentile par nombre de réponses

% des personnes avec chaque résultat

Votre développement - résultats

Vous n’avez pas pris ce quiz